000 00726nam a2200253Ia 4500
001 949
003 GE_BSU
008 181216s||||||||xx |||||||||||||| ||und||
020 _a978529900413
040 _cGE_BSU
080 _a579.2(075.8)
100 _aКурчанов,Н.А.
245 _aГенетика человека с основами общей генетики
245 _bУчебное пособие
250 _a2-е,перераб.доп.
260 _aСПБ
260 _bСпецлит
260 _c2009
300 _a191стр.
541 _h20л.
653 _aГенетика
653 _aГенетика человека с основами общей генетики
942 _cBK
999 _c35108
_d35108